Statistics for Arabic Name Translate

Click here to take the quiz!

General Stats

  • This quiz has been taken 1,522 times
    (1,520 since last reset)
  • The average score is 14 of 20

Answer Stats

Name Answer % Correct
BenyaminBenjamin
95%
SaraSarah
93%
MikhailMichael
92%
MaryamMary
91%
YusefJoseph
89%
DawoudDavid
89%
YaakoubJacob
88%
IbrahimAbraham
85%
NouhNoah
83%
AndraosAndrew
81%
IshakIsaac
76%
ZakariaZachary
62%
MattaMatthew
61%
SuleimanSolomon
52%
JibrilGabriel
51%
MoussaMoses
51%
YahiaJohn
46%
EisaJesus
45%
HarounAaron
39%
YounousJonah
22%

Score Distribution

Percentile by Number Answered

Percent of People with Each Score

Your Score History

You have not taken this quiz since the last reset